<?xml version="1.0" encoding="UTF-8"?><?xml-stylesheet type="text/xsl" href="static/style.xsl"?><OAI-PMH xmlns="http://www.openarchives.org/OAI/2.0/" xmlns:xsi="http://www.w3.org/2001/XMLSchema-instance" xsi:schemaLocation="http://www.openarchives.org/OAI/2.0/ http://www.openarchives.org/OAI/2.0/OAI-PMH.xsd"><responseDate>2026-04-13T04:33:45Z</responseDate><request verb="GetRecord" identifier="oai:www.recercat.cat:2117/445666" metadataPrefix="marc">https://recercat.cat/oai/request</request><GetRecord><record><header><identifier>oai:recercat.cat:2117/445666</identifier><datestamp>2025-11-08T07:51:02Z</datestamp><setSpec>com_2072_1033</setSpec><setSpec>col_2072_452951</setSpec></header><metadata><record xmlns="http://www.loc.gov/MARC21/slim" xmlns:dcterms="http://purl.org/dc/terms/" xmlns:xsi="http://www.w3.org/2001/XMLSchema-instance" xmlns:doc="http://www.lyncode.com/xoai" xsi:schemaLocation="http://www.loc.gov/MARC21/slim http://www.loc.gov/standards/marcxml/schema/MARC21slim.xsd">
   <leader>00925njm 22002777a 4500</leader>
   <datafield ind2=" " ind1=" " tag="042">
      <subfield code="a">dc</subfield>
   </datafield>
   <datafield ind2=" " ind1=" " tag="720">
      <subfield code="a">Xu, Changxiang</subfield>
      <subfield code="e">author</subfield>
   </datafield>
   <datafield ind2=" " ind1=" " tag="260">
      <subfield code="c">2025-07-10</subfield>
   </datafield>
   <datafield ind2=" " ind1=" " tag="520">
      <subfield code="a">Aerodynamic shape optimization is one of the most extensively studied topic in aeronautical engineering, as an aircraft’s shape is directly linked to its performance. Optimizing the geometry can improve overall efficiency, leading to increased fuel economy, reduced operational costs, and lower emissions. This thesis follows the approach of aerodynamic shape optimization, focusing on enhancing the aerodynamic efficiency of NACA 4-digit series airfoils under different flow scenarios, including Stokes flow and more realistic conditions governed by the Navier–Stokes equations. Unlike traditional adjoint-based gradient optimization methods, this study explores the use of machine learning techniques to estimate the optimization gradient. Specifically, a deep neural network is trained on a custom dataset containing airfoil geometries and their corresponding aerodynamic efficiencies, generated using a self-developed fluid solver under various flow conditions. The numerical framework used in this study is built upon Swan, an open-source software which enables the simulation of various physical problems using the finite element method and allows the integration of certain machine learning techniques, such as the implementation of feedforward neural networks. The results demonstrate that the developed fluid solver performs relatively efficiently for Stokes flow. However, extending simulations to the Navier–Stokes case introduces stability challenges and high computational costs, limiting dataset generation to Stokes flow cases. Consequently, both neural network training and shape optimization are performed exclusively under Stokes flow conditions. The optimized design corresponds to a thin, symmetric airfoil operating at a relatively high angle of attack, consistent with expectations for viscosity-dominated flows.</subfield>
   </datafield>
   <datafield ind1="8" ind2=" " tag="024">
      <subfield code="a">http://hdl.handle.net/2117/445666</subfield>
   </datafield>
   <datafield tag="653" ind2=" " ind1=" ">
      <subfield code="a">Àrees temàtiques de la UPC::Aeronàutica i espai::Aerodinàmica</subfield>
   </datafield>
   <datafield tag="653" ind2=" " ind1=" ">
      <subfield code="a">Neural networks (Computer science)</subfield>
   </datafield>
   <datafield tag="653" ind2=" " ind1=" ">
      <subfield code="a">Aerodynamics</subfield>
   </datafield>
   <datafield tag="653" ind2=" " ind1=" ">
      <subfield code="a">Structural optimization</subfield>
   </datafield>
   <datafield tag="653" ind2=" " ind1=" ">
      <subfield code="a">Aerodynamic shape optimization</subfield>
   </datafield>
   <datafield tag="653" ind2=" " ind1=" ">
      <subfield code="a">Stokes equations</subfield>
   </datafield>
   <datafield tag="653" ind2=" " ind1=" ">
      <subfield code="a">Navier–Stokes Equations</subfield>
   </datafield>
   <datafield tag="653" ind2=" " ind1=" ">
      <subfield code="a">Machine learning</subfield>
   </datafield>
   <datafield tag="653" ind2=" " ind1=" ">
      <subfield code="a">Artificial neural networks</subfield>
   </datafield>
   <datafield tag="653" ind2=" " ind1=" ">
      <subfield code="a">Xarxes neuronals (Informàtica)</subfield>
   </datafield>
   <datafield tag="653" ind2=" " ind1=" ">
      <subfield code="a">Aerodinàmica</subfield>
   </datafield>
   <datafield tag="653" ind2=" " ind1=" ">
      <subfield code="a">Optimització d'estructures</subfield>
   </datafield>
   <datafield ind2="0" ind1="0" tag="245">
      <subfield code="a">Study of shape optimization of an airfoil via machine learning</subfield>
   </datafield>
</record></metadata></record></GetRecord></OAI-PMH>